[Event "Montreal Mercredi 05"]
[Site "Montreal"]
[Date "2019.05.24"]
[Round "5"]
[White "Giurgiev, Silvius"]
[Black "Gauthier, Luc"]
[Result "1-0"]
[WhiteElo "1687"]
[BlackElo "1759"]
[PlyCount "89"]
[EventDate "2019.05.08"]
[EventType "swiss"]
[EventRounds "5"]
[EventCountry "CAN"]
[SourceTitle "EXT 2022"]
[Source "ChessBase"]
[SourceDate "2021.10.06"]
[SourceVersion "1"]
[SourceVersionDate "2021.10.06"]
[SourceQuality "1"]

1. e4 Nf6 2. e5 Nd5 3. c4 Nb6 4. d4 d6 5. exd6 exd6 6. Nc3 Be7 7. Be3 0-0 8. b3 Nc6 9. Rc1 Bf5 10. Bd3 Qd7 11. Nge2 Nb4 12. Bxf5 Qxf5 13. 0-0 Rfe8 14. Ng3 Qg6 15. Qd2 Nc6 16. Nce2 Qg4 17. Kh1 g6 18. f4 Qd7 19. f5 Qd8 20. fxg6 hxg6 21. Rf3 d5 22. c5 Nd7 23. Rcf1 Rf8 24. Bh6 f5 25. Bxf8 Nxf8 26. Nxf5 Bg5 27. Ne3 Ne6 28. Qc3 Ne7 29. Ng4 Nf5 30. Ne5 Qe8 31. Nxg6 Ne3 32. Rxe3 Bxe3 33. Qxe3 Qxg6 34. Qe5 Rd8 35. Rf6 Qb1+ 36. Ng1 Ng7 37. Qe7 Re8 38. Qf7+ Kh7 39. Rf3 Re6 40. Rh3+ Rh6 41. Rxh6+ Kxh6 42. Qxd5 Qxa2 43. h4 Qf2 44. Nf3 Nh5 45. Qg5+ 1-0

[Event "Montreal Mercredi 05"]
[Site "Montreal"]
[Date "2019.05.22"]
[Round "3"]
[White "Alcantara, Maximo Jr"]
[Black "Giurgiev, Silvius"]
[Result "0-1"]
[WhiteElo "1706"]
[BlackElo "1687"]
[PlyCount "148"]
[EventDate "2019.05.08"]
[EventType "swiss"]
[EventRounds "5"]
[EventCountry "CAN"]
[SourceTitle "EXT 2022"]
[Source "ChessBase"]
[SourceDate "2021.10.06"]
[SourceVersion "1"]
[SourceVersionDate "2021.10.06"]
[SourceQuality "1"]

1. Nf3 d5 2. d4 Bf5 3. g3 Nf6 4. Bg2 e6 5. 0-0 Nbd7 6. c3 Bd6 7. Re1 0-0 8. Nbd2 h6 9. Nh4 Bh7 10. e4 dxe4 11. Nxe4 Nxe4 12. Bxe4 Bxe4 13. Rxe4 Nf6 14. Re1 c5 15. Be3 Nd5 16. Ng2 Nxe3 17. fxe3 Qb6 18. Qb3 Qc6 19. e4 b5 20. a4 a6 21. d5 Qb6 22. c4 exd5 23. exd5 Rab8 24. axb5 axb5 25. Ne3 Rfd8 26. Re2 Bf8 27. Rd1 Qa6 28. Qd3 bxc4 29. Qxc4 Qf6 30. Rf2 Qe5 31. Ng4 Qh5 32. Rdd2 Rb4 33. Nxh6+ Qxh6 34. Qf1 Qg6 35. Qh3 Re4 36. Qf5 Qxf5 37. Rxf5 Bd6 38. Rf3 Be5 39. Rb3 g6 40. Kg2 Bd4 41. Rb5 Rxd5 42. b4 Rde5 43. bxc5 Bxc5 44. h4 Re2+ 45. Rxe2 Rxe2+ 46. Kf3 Re5 47. g4 Kg7 48. Kf4 Bd6 49. Rb6 Re6+ 50. Kf3 Re3+ 51. Kf2 Rd3 52. Ke2 Rd4 53. Kf3 Be7 54. h5 gxh5 55. gxh5 Rh4 56. Rb5 f6 57. Rb7 Kf7 58. Rb5 Ke6 59. Rb6+ Bd6 60. Rb5 Be5 61. Rb6+ Kf5 62. h6 Rxh6 63. Rb5 Rh3+ 64. Kg2 Rd3 65. Kf2 Ke4 66. Rb4+ Bd4+ 67. Ke2 Rh3 68. Rb7 Rh2+ 69. Ke1 f5 70. Re7+ Kf3 71. Rf7 f4 72. Rb7 Be3 73. Kd1 Rd2+ 74. Ke1 Rc2 0-1

[Event "Montreal Mercredi 05"]
[Site "Montreal"]
[Date "2019.05.15"]
[Round "2"]
[White "Giurgiev, Silvius"]
[Black "Autotte, Daniel"]
[Result "1/2-1/2"]
[WhiteElo "1687"]
[BlackElo "1727"]
[PlyCount "46"]
[EventDate "2019.05.08"]
[EventType "swiss"]
[EventRounds "5"]
[EventCountry "CAN"]
[SourceTitle "EXT 2022"]
[Source "ChessBase"]
[SourceDate "2021.10.06"]
[SourceVersion "1"]
[SourceVersionDate "2021.10.06"]
[SourceQuality "1"]

1. e4 d5 2. exd5 Qxd5 3. Nf3 Nf6 4. d4 c6 5. c4 Qd8 6. h3 Bf5 7. Bd3 Bxd3 8. Qxd3 Nbd7 9. Nc3 e6 10. 0-0 Be7 11. Be3 0-0 12. Rfd1 Qc7 13. Rac1 Rfd8 14. Qe2 Bd6 15. a3 a5 16. Nd2 e5 17. Nce4 exd4 18. Bxd4 Be5 19. Nf3 Bxd4 20. Rxd4 Nxe4 21. Rxe4 Kf8 22. Re1 Nf6 23. Re7 Rd7 1/2-1/2

[Event "Montreal Mercredi 05"]
[Site "Montreal"]
[Date "2018.05.28"]
[Round "2"]
[White "Autotte, Daniel"]
[Black "Giurgiev, Silvius"]
[Result "0-1"]
[WhiteElo "1643"]
[BlackElo "1605"]
[PlyCount "70"]
[EventDate "2018.05.09"]
[EventType "swiss"]
[EventRounds "5"]
[EventCountry "CAN"]
[SourceTitle "EXT 2022"]
[Source "ChessBase"]
[SourceDate "2021.10.06"]
[SourceVersion "1"]
[SourceVersionDate "2021.10.06"]
[SourceQuality "1"]

1. c4 e5 2. g3 Nf6 3. Bg2 d5 4. cxd5 Nxd5 5. Nc3 c6 6. d3 Bb4 7. Bd2 Qa5 8. Qc2 0-0 9. Nf3 Nxc3 10. bxc3 Bd6 11. 0-0 Bf5 12. e4 Be6 13. d4 Nd7 14. c4 Qc7 15. Ng5 Bg4 16. f3 Bh5 17. Bc3 h6 18. Nh3 exd4 19. Bxd4 Bg6 20. Qc3 f6 21. f4 Bc5 22. Rad1 Rad8 23. Nf2 Bf7 24. Bh3 Bxd4 25. Rxd4 Nc5 26. Rfd1 Rxd4 27. Qxd4 b6 28. Qd6 Qxd6 29. Rxd6 Bxc4 30. Rxc6 Bxa2 31. e5 fxe5 32. fxe5 Re8 33. Rc7 Rxe5 34. Ng4 Re1+ 35. Kf2 Nd3+ 0-1